| 000 | 00595nam a2200193Ia 4500 | ||
|---|---|---|---|
| 003 | OSt | ||
| 005 | 20230923153443.0 | ||
| 008 | 190216s9999||||xx |||||||||||||| ||und|| | ||
| 020 | _a9788185618654 | ||
| 040 | _coclc | ||
| 082 |
_a512.02 _bBHA/B |
||
| 100 | 1 |
_aBhattacharya, P. B. _q(Phani Bhushan), _d1914- _93773 |
|
| 245 | 0 |
_aBasic Abstract Algebra / _cP B Bhattacharya ; S K Jain ; S R Nagpaul |
|
| 250 | _a2nd Ed. | ||
| 260 |
_bCambridge Uty Press, _c2000. _aNew Delhi: |
||
| 300 | _a487p | ||
| 650 | _aMathematics | ||
| 942 |
_cBK _2ddc _h512.02 _iBHA/B _k512.02 _mBHA/B |
||
| 999 |
_c31653 _d31653 |
||